| 000 | 01118nam a2200325 i 4500 | ||
|---|---|---|---|
| 001 | 768714001 | ||
| 003 | CO-MdFUSB | ||
| 005 | 20220719115053.0 | ||
| 007 | ta | ||
| 008 | 220525t1988 -us |||| |||| 00| 0 spa d | ||
| 020 | _a0881132861 | ||
| 040 |
_aCO-MdFUSB _bspa _cCO-MdFUSB _dCO-MdFUSBC _erda |
||
| 041 | _aspa | ||
| 082 |
_223 _a248.32 _bB765 |
||
| 100 |
_aBounds, Edward M. _eautor |
||
| 245 |
_aUn tesoro de oración _c/ Edward M Bounds ; traducido por David R. Powell |
||
| 264 | 1 |
_aMiami, Fl. : _bBetania, _c[1988] |
|
| 264 | 4 | _c© 1988 | |
| 300 |
_a141 páginas _c; 21 cm |
||
| 336 |
_2rdacontent _atexto _btxt |
||
| 337 |
_2rdamedia _asin mediación _bn |
||
| 338 |
_2rdacarrier _avolumen _bnc |
||
| 505 | _aLa realidad de la oración. -- Propósito de la oración, - Poder por medio de la oración. -- La necesidad de la oración. -- Lo esencial de la oración. -- Las armas de la oración. -- Las posibilidades de la oración. | ||
| 563 | _aRústico | ||
| 650 | 7 |
_986 _aOración |
|
| 650 | 0 |
_919 _aVida cristiana |
|
| 700 | 1 |
_91384 _aPowell, David R. _etraductor |
|
| 942 | _cBK | ||
| 945 | _aJTF-925 | ||
| 999 |
_c67906 _d67906 |
||